000 02194nam a2200313 a 4500
003 DO-SdBNP
005 20250407105528.0
007 ta
008 220623e2000 dr a|||| |||| 001 0 spa d
040 _aDO-SdBNP
_bspa
_cBNPHU
082 4 _222
_bP699m
245 1 0 _aPlanes de manejo del cinturón verde de la Ciudad de Santo Domingo:
_bzona ambiental "A" Río Haina. /
_cManuel Gil Martínez.
260 _aSanto Domingo :
_bConsejo Nacional de Asuntos Urbanos,
_c 2000
300 _a3 v. :
_bil. ;
_c28 cm
490 _aCinturón Verde de la Ciudad de Santo Domingo
504 _aIncluye bibliografía: v.1 p. 76-80. v.2, p. 44- 49.
505 0 _av.1. Plan de manejo de la Zona Ambiental A.
505 0 _aRIO HAINA.
_tI. Introducción.--
_tII. La Zona Ambiental "A" en el contexto del Río Haina.--
_tIII. El Río Haina y sus recursos.--
_tBibliografía.
_tPresentación.
_tI. Introducción.--
_tII. Criterios y objetivos.--
_tIII. Descripción de la ordenación.--
_tIV. Gestión.--
_tV. Mecanismo de de compensación.--
_tVI.Uso público del Cinturón Verde.--
_tVII. Recomendaciones Generales.--
_tVIII. Planos de ordenación.
505 0 _aV.2. Plan de Manejo de la Zona Ambiental B.
_tPresentación.
_tI. Introducción.--
_tII. La Zona Ambiental "B" en la cuenca del Río Haina.--
_tIII. El Arroyo Guzmán y sus recursos.--
_tIV. Aspectos socioeconómicos.--
_tBibliografía.--
_tPresentación.--
_tRégimen del suelo en la Zona Ambiental "B"
505 0 _av. 3. Zona Ambiental "C"
_tPresentación
_tI. Introducción.--
_tII. Criterios y objetivos.--
_tIII. Descripción de la ordenación.--
_tIV. Gestión.--
_tV. Mecanismo de compensación
_tVI. Recomendaciones Generales.--
_tVII. Planos de Ordenación.
_t1. Presentación.
_t2. Régimen del suelo protegido.--
590 _aInventariado 2022 / MF
650 4 _950033
_aZona Verde
_zSanto Domingo, República Dominicana,
650 4 _962032
_aUrbanismo
_xAspectos Ambientales
_zRepública Dominicana
650 0 _aÁreas de conservación de recursos naturales
_914508
651 _98513
_aSanto Domingo, República Dominicana
_vCinturón Verde
830 _aCinturón Verde de la Ciudad de Santo Domingo
_981910
910 _aMFeliz
942 _2ddc
_cLBS1
999 _c52101
_d52101